| 000 | 00792pam a2200241 a 4500 | ||
|---|---|---|---|
| 999 |
_c57456 _d57456 |
||
| 001 | 4015916 | ||
| 005 | 20240415124522.0 | ||
| 008 | 970417s2010 nyua b 001 0 eng c | ||
| 020 | _a9780443069789x | ||
| 041 | _aeng | ||
| 080 | _a616.8 N-50 | ||
| 100 | 1 |
_aLindsay, Kenneth W. _98710 |
|
| 245 | 1 | 0 |
_aNeurology and neurosurgery illustrated / _cKenneth W. Lindsay, Ian Bone, Geraint Fuller and more. |
| 250 | _a3rd ed. | ||
| 264 |
_aNew York : _bChurchill Livingstone, _c1997. |
||
| 300 |
_a599 p. : _bill. ; _c25 cm. |
||
| 653 | _aნეიროლოგია | ||
| 653 | _aმედიცინა | ||
| 653 | _aნეიროქირურგია | ||
| 700 | 1 |
_aBone, Ian _98716 _eავტორი |
|
| 700 | 1 |
_aFuller, Geraint _eავტორი _921716 |
|
| 942 |
_2udc _cBK |
||